000 00832cab a2200253 4500
001 ABS37604
008 090401t1986 xxu||||| |||| 00| 0 eng d
035 _a(Sirsi) u5509
041 _aeng
100 _aBarnes, M.M.
245 _aRepairs to silo and silo construction
260 _c1986
350 _a0
490 _aFarm Buildings Association Journal
_v(35) 1986, 41-46(6)
520 _aIn the last two years there have been many cases of pollution caused by leakage of silage effluent into streams and watercourses, due to leaking joints and cracks and poor quality concrete. Advice and information on repairs is given.
650 _aFARM BUILDINGS
650 _aFARM POLLUTION
650 _aFARM WASTE
650 _aFARMING
650 _aSILOS
690 _aRURAL PRACTICE
942 _n0
948 _c04/03/1997
999 _c3283
_d3283